Caricamento...
The Year in San Fernando
| Autore principale: | |
|---|---|
| Natura: | Printed Book |
| Pubblicazione: |
London, Heinemann
1970
|
| Serie: | Caribbean writers series
|
| Soggetti: |
| LEADER | 005300000a22001810004500 | ||
|---|---|---|---|
| 020 | |a 0 435 98031 9 | ||
| 082 | |a 823 ANT/Y L0 | ||
| 100 | |a Anthony, Michael | ||
| 245 | |a The Year in San Fernando | ||
| 260 | |a London, Heinemann | ||
| 260 | |c 1970 | ||
| 465 | |a P 2.95 | ||
| 490 | |a Caribbean writers series | ||
| 650 | |a English | ||
| 650 | |a Novel | ||
| 942 | |c BK | ||
| 999 | |c 896 |d 896 | ||
| 952 | |0 0 |1 0 |4 0 |6 823_000000000000000_ANTY_L0 |7 0 |8 ENG |9 687 |a MGUL |b MGUL |d 2013-07-16 |e P 2.95 |l 1 |o 823 ANT/Y L0 |p 11583 |r 2019-03-26 |s 2017-07-17 |w 2013-07-16 |y BK | ||